Normal view
MARC view
- Rakshit,K.S
Entry Personal Name
001 - CONTROL NUMBER
- control field: 810
003 - CONTROL NUMBER IDENTIFIER
- control field: OSt
005 - DATE AND TIME OF LATEST TRANSACTION
- control field: 20160707124012.0
008 - FIXED-LENGTH DATA ELEMENTS
- fixed length control field: 160707|| aca||aabn | a|a d
040 ## - CATALOGING SOURCE
- Original cataloging agency: OSt
- Transcribing agency: OSt
100 ## - HEADING--PERSONAL NAME
- Personal name: Rakshit,K.S
670 ## - SOURCE DATA FOUND
- Source citation: Work cat.: (OSt): Rakshit,K.S, Design and Construction of Highway Bridges, 2010
